Southville International School and Colleges
Your cart is empty.
  • Cart
  • Lists
    Public lists Eva Luna New books Lux_list list_1
    Your lists Log in to create your own lists
  • Log in to your account
  • Your cookies
  • Search history
Southville International School and Colleges
  • Advanced search
  • Recent comments
  • Most popular
  • Libraries

Log in to your account

Log in with GOOGLE


If you do not have an external account, but do have a local account, you can still log in:

  1. Home
  2. MARC view: Go negosyo :
Normal view MARC view ISBD view

Go negosyo : (Record no. 292157)

[ view plain ]
MARC details
000 -LEADER
fixed length control field 00700nam a2200217Ia 4500
008 - FIXED-LENGTH DATA ELEMENTS--GENERAL INFORMATION
fixed length control field 160319s9999 xx 000 0 und d
020 ## - INTERNATIONAL STANDARD BOOK NUMBER
International Standard Book Number 9719439203
050 ## - LIBRARY OF CONGRESS CALL NUMBER
Classification number 658.4
050 ## - LIBRARY OF CONGRESS CALL NUMBER
Item number C744g 2009
100 ## - MAIN ENTRY--PERSONAL NAME
Personal name Concepcion, Joey
245 ## - TITLE STATEMENT
Title Go negosyo :
245 ## - TITLE STATEMENT
Remainder of title Joey Concepcion's 55 inspiring stories of women entrepreneurs
245 ## - TITLE STATEMENT
Statement of responsibility, etc writers, Katrina Ramos Atienza [and others] ; editor, Joanne Rae M. Ramirez.
250 ## - EDITION STATEMENT
Edition statement 1st edition.
260 ## - PUBLICATION, DISTRIBUTION, ETC. (IMPRINT)
Place of publication, distribution, etc Mandaluyong City, Philippines :
260 ## - PUBLICATION, DISTRIBUTION, ETC. (IMPRINT)
Name of publisher, distributor, etc Philippine Center for Entrepreneurship,
260 ## - PUBLICATION, DISTRIBUTION, ETC. (IMPRINT)
Date of publication, distribution, etc 2009
300 ## - PHYSICAL DESCRIPTION
Extent 237 pages :
300 ## - PHYSICAL DESCRIPTION
Other physical details color illustrations
650 ## - SUBJECT ADDED ENTRY--TOPICAL TERM
Topical term or geographic name as entry element Businesswomen -- Philippines -- Biography.
Holdings
Withdrawn status Lost status Damaged status Home library Current library Shelving location Date acquired Total Checkouts Full call number Barcode Date last seen Price effective from Koha item type
      Stonyhurst Southville International School (Batangas) Stonyhurst Southville International School (Batangas) Filipiniana Section 03/19/2016   Fil 658.4 C744g 2009 US 1019 03/19/2016 03/19/2016 Books

Go negosyo :

APA

Concepcion J., .Go negosyo. Mandaluyong City, Philippines: .

Chicago

Concepcion Joey, .Go negosyo. Mandaluyong City, Philippines: .

Harvard

Concepcion J., .Go negosyo. Mandaluyong City, Philippines: .

MLA

Concepcion Joey, .Mandaluyong City, Philippines: . .

  • Place hold
  • Print
  • Cite
  • Add to your cart (remove)
  • Save record
    BIBTEX Dublin Core MARCXML MARC (non-Unicode/MARC-8) MARC (Unicode/UTF-8) MARC (Unicode/UTF-8, Standard) MODS (XML) RIS
  • More searches
    Search for this title in:
    Other Libraries (WorldCat) Other Databases (Google Scholar) Online Stores (Bookfinder.com) Open Library (openlibrary.org)

Exporting to Dublin Core...

SOUTHVILLE LIBRARY

Southville International School and Colleges Library

1281 Tropical Ave. Cor. Luxembourg St., BF Homes International, Las Pinas City

Tel. No. 8256374 / 252358 Loc. 117/146

Powered by Koha